Coastal wetlands of indonesia : Environment, subsistence and exploitation

Coastal wetlands the frontiers of the melayu world. An overview of the natural history of the wetlands. natural environmental of the coastal wetlands. Land use and traditional occupations. Large-scale reclamation of the tidal zones. The melayu world, a culture of trasit.

Đã lưu trong:
書目詳細資料
主要作者: Furukawa, Hisao
格式: 圖書
語言:Undetermined
出版: Japan Kyoto University Press 1994
主題:
標簽: 添加標簽
沒有標簽, 成為第一個標記此記錄!
Thư viện lưu trữ: Trung tâm Học liệu Trường Đại học Cần Thơ
LEADER 00915nam a2200217Ia 4500
001 CTU_141604
008 210402s9999 xx 000 0 und d
082 |a 333.91809598 
082 |b F992 
100 |a Furukawa, Hisao 
245 0 |a Coastal wetlands of indonesia : 
245 0 |b Environment, subsistence and exploitation 
245 0 |c By Hisao Furukawa ; translated by Peter Hawkes 
260 |a Japan 
260 |b Kyoto University Press 
260 |c 1994 
520 |a Coastal wetlands the frontiers of the melayu world. An overview of the natural history of the wetlands. natural environmental of the coastal wetlands. Land use and traditional occupations. Large-scale reclamation of the tidal zones. The melayu world, a culture of trasit. 
650 |a Natural history 
650 |z Indonesia,Sunda Strait Region 
904 |i Bạch Trúc 
980 |a Trung tâm Học liệu Trường Đại học Cần Thơ